000 02335nam a2200241Ia 4500
003 Ost
005 20260507075226.0
008 260507s9999||||xx |||||||||||||| ||und||
040 _cfsecg
041 _aara
082 _a330
100 _aالعامري، سعود جايد
_eمؤلف
245 0 _aالمحاسبة الدولية :
_bمنهج علمي للمشاكل المحاسبية و حلولها /
_c سعود جايد العامري
260 _aعمان:
_bدار المناهج,
_c2010
300 _a543 صفحة؛
_bإيضاحات ؛
_c24 سم
504 _aمراجع ص.539 ؛ ملاحق ص.523،534
520 _aطبيعة المحاسبة الدولية و مشاكلها ، نظريات أسعار صرف العملات النقدية ، أسواق صرف العملات النقدية ، تقييم مخاطر أسعار الصرف و تغطية هذه المخاطر ، المعالجات المحاسبية للمعاملات بالعملة النقدية الاجنبية ، تسجيل المعاملات التجارية الدولية، تحويل و ترجمة القوائم المالية الى العملات النقدية المحلية ، أسعار التحويل في الشركات متعددة الجنسيات و مداخل هذه الاسعار ، الاطار النظري للضريبة الدولية ، المعالجات المحاسبية للضريبة الدولية ، نظم و قواعد توحيد القوائم المالية في الشركات متعددة الجنسيات ، الاطار المفاهيمي للاستثمارات ، قياس الاستثمارات الدولية ، التحليل المالي الدولي نظام الرقابة الدولي ، الاطار النظري للمحاسبة عن التضخم الاقتصادي ، الاساليب المحاسبية المستخدمة في معالجة التضخم الاقتصادي ، الاطار النظري للقياس و الافصاح في الشركات متعددة الجنسيات ، المعالجات المحاسبية الرئيسية و الافصاح في المعايير الدولية .
653 _aالاستثمار الدولي
653 _aالعملات النقدية
653 _aالمحاسبة
653 _aالمحاسبة الضريبية
942 _cكتاب
999 _c43539
_d43539